000
00315nam a22001337a 4500
082
_a
000
_b
BAN/M
100
_a
BANGIA, RAMESH
245
_a
MULTIMEDIA AND WEB TECHNOLOGY
250
_a
SECOND EDITION
260
_a
DELHI
_b
FIREWALL MEDIA
300
_a
878
650
_a
COMPUTER SCIENCE REFERENCE
_z
INDIA
942
_c
BK
999
_c
1666
_d
1666